|
|
|
|
| LEADER |
00000nam0a2200000 4500 |
| 001 |
349984 |
| 005 |
20240827063211.0 |
| 035 |
|
|
|a (RuTPU)RU\TPU\retro\3387
|
| 035 |
|
|
|a RU\TPU\book\252449
|
| 090 |
|
|
|a 349984
|
| 100 |
|
|
|a 20181023d1944 km y0rusy50 ca
|
| 101 |
0 |
|
|a rus
|
| 102 |
|
|
|a RU
|
| 105 |
|
|
|a y z 011zb
|
| 200 |
1 |
|
|a Знаменитый исследователь Азии, основоположник сибирской геологии
|e (К 80-летию со дня рождения В. А. Обручева)
|e [оттиск статьи]
|f М. К. Коровин [и др.]
|g Академия наук СССР (АН СССР)
|
| 210 |
|
|
|a Москва
|c Издательство Академии наук СССР
|d 1944
|
| 215 |
|
|
|a с. 10-14
|
| 225 |
1 |
|
|a Известия Академии наук СССР
|e Серия геологическая
|h № 1
|
| 316 |
|
|
|5 63413507: 215//345
|a На обложке дарственная надпись "В н-техн. библ-ку Т. Политехн. Ин-та М. Коровин"
|
| 600 |
|
1 |
|a Обручев
|b В. А.
|c российский геолог
|c профессор Томского технологического института
|c исследователь Сибири, Центральной и Средней Азии
|c географ
|f 1863-1956
|g Владимир Афанасьевич
|y Томск
|7 ca
|8 rus
|2 stltpush
|3 (RuTPU)RU\TPU\pers\996
|9 441
|
| 606 |
1 |
|
|a Геология
|y Сибирь
|2 stltpush
|3 (RuTPU)RU\TPU\subj\68833
|9 83954
|
| 610 |
1 |
|
|a геологические исследования
|
| 610 |
1 |
|
|a юбилеи
|
| 610 |
1 |
|
|a биографии
|
| 610 |
1 |
|
|a научные идеи
|
| 610 |
1 |
|
|a научное наследие
|
| 610 |
1 |
|
|a научные труды
|
| 610 |
1 |
|
|a оттиски
|
| 610 |
1 |
|
|a дарственные надписи
|
| 610 |
1 |
|
|a коллекция В. А. Обручева
|
| 675 |
|
|
|a 55(571.1/5)
|v 3
|
| 700 |
|
1 |
|a Коровин
|b М. К.
|c российский геолог
|c профессор Томского технологического института
|f 1883-1956
|g Михаил Калинникович
|2 stltpush
|3 (RuTPU)RU\TPU\pers\13856
|
| 701 |
|
1 |
|a Стрельников
|b Д. А.
|c российский горный инженер
|c профессор Томского политехнического института
|f 1881-1964
|g Дмитрий Александрович
|x TPU
|2 stltpush
|3 (RuTPU)RU\TPU\pers\1440
|
| 701 |
|
1 |
|a Шахов
|b Ф. Н.
|c российский геолог
|c профессор Томского политехнического института
|f 1894-1971
|g Феликс Николаевич
|2 stltpush
|3 (RuTPU)RU\TPU\pers\505
|
| 701 |
|
1 |
|a Молчанов
|b И. А.
|c российский геолог
|c профессор Томского политехнического института
|f 1884-1945
|g Иннокентий Александрович
|2 stltpush
|3 (RuTPU)RU\TPU\pers\11956
|
| 701 |
|
1 |
|a Радугин
|b К. В.
|c российский геолог
|c профессор Томского политехнического института
|f 1899-1984
|g Константин Владимирович
|2 stltpush
|3 (RuTPU)RU\TPU\pers\13858
|
| 712 |
0 |
2 |
|a Академия наук СССР (АН СССР)
|c (Ленинград/Москва)
|c (1925-1991)
|2 stltpush
|3 (RuTPU)RU\TPU\col\722
|
| 801 |
|
1 |
|a RU
|b 63413507
|c 20130201
|
| 801 |
|
2 |
|a RU
|b 63413507
|c 20181220
|g RCR
|
| 942 |
|
|
|c BK
|